Ảnh hưởng của một số yếu tố đến hiệu suất quá trình khử điện hóa gluco /

में बचाया:
ग्रंथसूची विवरण
मुख्य लेखक: Lê Tự Hải.
अन्य लेखक: Nguyễn Đức Hùng.
स्वरूप: लेख
भाषा:Vietnamese
टैग : टैग जोड़ें
कोई टैग नहीं, इस रिकॉर्ड को टैग करने वाले पहले व्यक्ति बनें!
Thư viện lưu trữ: Thư viện Trường Đại học Đà Lạt
LEADER 00738nam a2200241 4500
001 DLU1401653045
005 ##20141113
040 # # |a DLU  |b vie 
041 # # |a vie 
044 # # |a vn 
100 # # |a Lê Tự Hải. 
245 # # |a Ảnh hưởng của một số yếu tố đến hiệu suất quá trình khử điện hóa gluco /  |c Lê Tự Hải, Nguyễn Đức Hùng. 
700 # # |a Nguyễn Đức Hùng. 
773 # # |t Hóa học  |g Số 1, 1998, tr. 30-33 
920 # # |a Phòng Tạp chí -- Trung tâm Thông tin - Thư viện Trường Đại học Đà Lạt 
994 # # |a DLU 
900 # # |a True 
911 # # |a Hoàng Thị Huyền 
925 # # |a G 
926 # # |a A 
927 # # |a BB 
980 # # |a Thư viện Trường Đại học Đà Lạt